000 00342nam a2200133Ia 4500
008 240624s9999 xx 000 0 und d
041 _aeng
082 _a658.4012 CHE
100 _aCHEN STEPHEN
245 _aSTRATEGIC MANAGEMENT OF E BUSINESS
260 _c2001
_aChichester
_bJohn Wiley
300 _axii, : 357 : p. : cm. ; 25
365 _cRS
999 _c1445
_d1445